| 000 | 00698nam a2200205 i 4500 | ||
|---|---|---|---|
| 001 | 150637 | ||
| 003 | ES-MaACL | ||
| 005 | 20230906203618.0 | ||
| 007 | t| | ||
| 008 | 071031s1961 sp ||||1| spa d | ||
| 100 | 1 |
_aValenciano Polack, Antonio. _9112580 |
|
| 245 | 1 | 0 |
_aTecnología del ajustador matricero / _cAntonio Valenciano Polack, Tomás Vidondo Sobejano. |
| 260 |
_aBarcelona : _bLibrería Salesiana, _c1961. |
||
| 300 |
_a178 p., XI gïrf. : _bil ; _c21 cm. |
||
| 490 | 1 | _aFormación profesional industrial | |
| 700 | 1 |
_aVidondo Sobejano, Tomás. _9114554 |
|
| 830 | 0 |
_aFormación profesional industrial _9183866 |
|
| 852 |
_aES-MaACL _jC-21409 _bR.49353 |
||
| 999 |
_c150637 _d150637 |
||